Statistics for Liverpool Champions League Winner Starting XI

Click here to take the quiz!

General Stats

  • This quiz has been taken 45 times
  • The average score is 23 of 46

Answer Stats

Player % Correct
Alisson
100%
Sadio Mané
100%
Mohamed Salah
100%
Virgil van Dijk
98%
Roberto Firmino
98%
Jordan Henderson
95%
Georginio Wijnaldum
95%
Trent Alexander-Arnold
93%
Andrew Robertson
93%
Fabinho
93%
Steven Gerrard
88%
Joël Matip
88%
Jerzy Dudek
80%
Xabi Alonso
78%
Jamie Carragher
73%
Sami Hyypiä
73%
Milan Baroš
73%
John Arne Riise
68%
Harry Kewell
68%
Ian Rush
61%
Djimi Traoré
51%
Kenny Dalglish
49%
Steve Finnan
46%
Luis García
44%
Bruce Grobbelaar
34%
Graeme Souness
32%
Tommy Smith
24%
Kevin Keegan
24%
Alan Kennedy
22%
Alan Hansen
22%
Ray Kennedy
22%
Joey Jones
20%
David Johnson
20%
Ray Clemence
20%
Phil Thompson
20%
Ian Callaghan
17%
Emlyn Hughes
17%
Phil Neal
17%
Terry McDermott
15%
Sammy Lee
15%
Mark Lawrenson
15%
Jimmy Case
12%
David Fairclough
12%
Ronnie Whelan
12%
Craig Johnston
12%
Steve Heighway
12%

Score Distribution

Percentile by Number Answered

Percent of People with Each Score

Your Score History

You have not taken this quiz